|
|
|
|
| LEADER |
00774nam a2200217 i 4500 |
| 001 |
misc58022 |
| 005 |
20210604163225.0 |
| 008 |
210604s1903 hu o 0|| hun d |
| 040 |
|
|
|a SZTE Miscellanea Repozitórium
|b hun
|
| 041 |
|
|
|a hun
|
| 100 |
1 |
|
|a Kisteleki Ede
|
| 245 |
1 |
3 |
|a Az élet
|h [elektronikus dokumentum] :
|b drámai képsorozat /
|c Kisteleki Ede
|
| 260 |
|
|
|a Schulhof Károly kiadása
|b Szeged, Magyarország
|c 1903
|
| 300 |
|
|
|a 30 p.
|c 19 cm
|
| 650 |
|
4 |
|a Bölcsészettudományok
|
| 650 |
|
4 |
|a Nyelvek és irodalom
|
| 650 |
|
4 |
|a Általános irodalomtudományok
|
| 695 |
|
|
|a Magyar irodalom - vers, Magyar irodalom - dráma
|
| 700 |
0 |
1 |
|a Molnár Jenő
|e aut
|
| 700 |
0 |
1 |
|a Móra Ferenc
|e aut
|
| 856 |
4 |
0 |
|u http://misc.bibl.u-szeged.hu/58022/1/xa_150566.pdf
|z Dokumentum-elérés
|